|
|
|
|
| LEADER |
00000nam0a2200000 4500 |
| 001 |
58961 |
| 005 |
20231101211756.0 |
| 010 |
|
|
|a 5060019055
|
| 035 |
|
|
|a (RuTPU)RU\TPU\book\62296
|
| 090 |
|
|
|a 58961
|
| 100 |
|
|
|a 20031211d1991 m y0rusy50 ca
|
| 101 |
0 |
|
|a rus
|
| 102 |
|
|
|a RU
|
| 105 |
|
|
|a a j 001zy
|
| 200 |
1 |
|
|a Прочность и износостойкость деталей машин
|e учебное пособие для вузов
|f В. П. Когаев, Ю. Н. Дроздов
|
| 210 |
|
|
|a Москва
|c Высшая школа
|d 1991
|
| 215 |
|
|
|a 319 с.
|c ил.
|
| 320 |
|
|
|a Библиогр.: с. 315-317.
|
| 606 |
1 |
|
|a Детали машин
|x Прочность
|2 stltpush
|3 (RuTPU)RU\TPU\subj\9242
|9 36518
|
| 606 |
1 |
|
|a Детали машин
|x Износостойкость
|2 stltpush
|3 (RuTPU)RU\TPU\subj\9162
|9 36440
|
| 610 |
1 |
|
|a расчет
|
| 610 |
1 |
|
|a надежность
|
| 610 |
1 |
|
|a усталость
|
| 610 |
1 |
|
|a сопротивление
|
| 610 |
1 |
|
|a трение
|
| 610 |
1 |
|
|a износ
|
| 610 |
1 |
|
|a смазка
|
| 610 |
1 |
|
|a материалы
|
| 610 |
1 |
|
|a покрытия
|
| 610 |
1 |
|
|a трибологические характеристики
|
| 610 |
1 |
|
|a прогнозирование
|
| 610 |
1 |
|
|a узлы
|
| 610 |
1 |
|
|a учебные пособия
|
| 675 |
|
|
|a 621.81:539.4(075.8)
|v 3
|
| 675 |
|
|
|a 621.81.004.62(075.8)
|v 3
|
| 700 |
|
1 |
|a Когаев
|b В. П.
|g Владимир Петрович
|
| 701 |
|
1 |
|a Дроздов
|b Ю. Н.
|g Юрий Николаевич
|
| 801 |
|
1 |
|a RU
|b 63413507
|c 20031211
|g PSBO
|
| 801 |
|
2 |
|a RU
|b 63413507
|c 20220719
|g PSBO
|
| 942 |
|
|
|c BK
|